[Event "Whitsun Grandmasters GM 2014"]
[Site "Copenhagen"]
[Date "2014.06.06"]
[Round "6"]
[White "Rusev, Krasimir"]
[Black "Hector, Jonny"]
[Result "1/2-1/2"]
[WhiteElo "2540"]
[BlackElo "2505"]
[PlyCount "82"]
[EventDate "2014.??.??"]

1. d4 d5 2. c4 c6 3. cxd5 cxd5 4. Nc3 Nf6 5. Nf3 Nc6 6. Bf4 Bf5 7. e3 e6 8. Qb3
Bb4 9. Bb5 Bxc3+ 10. Qxc3 O-O 11. Bxc6 Rc8 12. Ne5 Nh5 13. Qa3 bxc6 14. Rc1
Nxf4 15. exf4 Qb6 16. O-O Rc7 17. Rc5 f6 18. Nf3 Rb8 19. b3 Be4 20. Nd2 Bg6 21.
Rfc1 Be8 22. h3 Rf7 23. Qa5 Bd7 24. Nf3 h6 25. h4 Re8 26. Qd2 Qb8 27. Re1 Qd6
28. Rec1 Rfe7 29. Ra5 Ra8 30. b4 Be8 31. Rac5 Rb8 32. a3 Rb6 33. R1c3 Reb7 34.
g3 Qd7 35. Qc2 Qf7 36. Kg2 Qh5 37. Qc1 Re7 38. Re3 Bd7 39. Ra5 Be8 40. Rc5 Bd7
41. Ra5 Be8 1/2-1/2

[Event "Whitsun Grandmasters GM 2014"]
[Site "Copenhagen"]
[Date "2014.06.06"]
[Round "6"]
[White "Bromann, Thorbjorn"]
[Black "Aabling Thomsen, Jakob"]
[Result "1-0"]
[WhiteElo "2413"]
[BlackElo "2341"]
[PlyCount "85"]
[EventDate "2014.??.??"]

1. b3 d5 2. Bb2 Nf6 3. e3 Bg4 4. f3 Bf5 5. g4 Bc8 6. g5 Nfd7 7. f4 e5 8. Bg2 c6
9. Nf3 e4 10. Nd4 Nc5 11. h4 Nba6 12. Nc3 Bd7 13. a3 h6 14. Qe2 Ne6 15. Nd1 Qb6
16. Nf2 O-O-O 17. Ng4 hxg5 18. hxg5 Rxh1+ 19. Bxh1 c5 20. Nxe6 Bxe6 21. Bg2 Kb8
22. Kf2 f6 23. gxf6 Bxg4 24. Qxg4 gxf6 25. Qf5 d4 26. Qxe4 dxe3+ 27. dxe3 Nc7
28. Bf3 Ne8 29. Rd1 Nd6 30. Qe6 Re8 31. Qxf6 Be7 32. Qg6 Rd8 33. Qh7 Nc8 34.
Rxd8 Qxd8 35. Be5+ Ka8 36. Ke2 c4 37. bxc4 a6 38. c5 Qd7 39. Qg8 Qh3 40. Bg4
Qg2+ 41. Kd3 Qf1+ 42. Kc3 Qe1+ 43. Kb2 1-0

[Event "Whitsun Grandmasters GM 2014"]
[Site "Copenhagen"]
[Date "2014.06.06"]
[Round "6"]
[White "Korley, Kassa"]
[Black "Brynell, Stellan"]
[Result "0-1"]
[WhiteElo "2412"]
[BlackElo "2463"]
[PlyCount "66"]
[EventDate "2014.??.??"]

1. e4 e6 2. d4 d5 3. exd5 exd5 4. Nf3 Bd6 5. c4 Nf6 6. Nc3 O-O 7. cxd5 h6 8. h3
Bf5 9. Bc4 Re8+ 10. Be3 Nbd7 11. O-O a6 12. Nh4 Bh7 13. Qf3 b5 14. Bb3 b4 15.
Na4 Be4 16. Qd1 Nxd5 17. Nf5 N7f6 18. Nxd6 cxd6 19. Bd2 a5 20. Re1 Qd7 21. f3
Bd3 22. Bc2 Rxe1+ 23. Bxe1 Bxc2 24. Qxc2 Rc8 25. Qd1 Qf5 26. Rc1 Re8 27. Bg3
Nh5 28. Bxd6 Ne3 29. Qd2 Qd7 30. Bc5 Qxa4 31. d5 Nf5 32. g4 Nh4 33. Qd1 Re1+
0-1

[Event "Whitsun Grandmasters GM 2014"]
[Site "Copenhagen"]
[Date "2014.06.06"]
[Round "7"]
[White "Ris, Robert"]
[Black "Rusev, Krasimir"]
[Result "1/2-1/2"]
[WhiteElo "2407"]
[BlackElo "2540"]
[PlyCount "21"]
[EventDate "2014.??.??"]

1. d4 d5 2. c4 c6 3. Nf3 Nf6 4. Nc3 a6 5. c5 Nbd7 6. Bf4 Nh5 7. Bd2 Nhf6 8. Bf4
Nh5 9. Bd2 Nhf6 10. Bf4 Nh5 11. Bd2 1/2-1/2

[Event "Whitsun Grandmasters GM 2014"]
[Site "Copenhagen"]
[Date "2014.06.06"]
[Round "7"]
[White "Smith, Axel"]
[Black "Ziska, Helgi Dam"]
[Result "1/2-1/2"]
[WhiteElo "2481"]
[BlackElo "2499"]
[PlyCount "82"]
[EventDate "2014.??.??"]

1. Nf3 Nf6 2. c4 g6 3. g3 Bg7 4. Bg2 O-O 5. O-O d6 6. Nc3 Nc6 7. Rb1 a5 8. a3
e5 9. d3 Re8 10. Nd2 Be6 11. Nde4 Nxe4 12. Nxe4 h6 13. Nc3 Qc8 14. b4 axb4 15.
axb4 Bh3 16. Bxh3 Qxh3 17. Nd5 Rac8 18. b5 Ne7 19. e4 h5 20. Bg5 Nxd5 21. cxd5
h4 22. Qe2 Bh6 23. gxh4 Bxg5 24. hxg5 Ra8 25. Qe3 Qd7 26. b6 cxb6 27. Rxb6 Rec8
28. Qg3 Ra3 29. Rfb1 Rc7 30. Kg2 Ra2 31. R1b2 Rxb2 32. Rxb2 b5 33. f4 exf4 34.
Qxf4 Rc3 35. Ra2 Qc8 36. Ra7 Rc7 37. Rxc7 Qxc7 38. Kf3 b4 39. e5 Qb7 40. exd6
b3 41. d7 Qxd5+ 1/2-1/2

[Event "Whitsun Grandmasters GM 2014"]
[Site "Copenhagen"]
[Date "2014.06.06"]
[Round "7"]
[White "Brynell, Stellan"]
[Black "Bromann, Thorbjorn"]
[Result "1/2-1/2"]
[WhiteElo "2463"]
[BlackElo "2413"]
[PlyCount "139"]
[EventDate "2014.??.??"]

1. Nf3 b6 2. g3 Bb7 3. Bg2 c5 4. O-O g6 5. c4 Bg7 6. Nc3 Nf6 7. d4 cxd4 8. Qxd4
O-O 9. Qh4 Qc7 10. Nd5 Nxd5 11. cxd5 e6 12. dxe6 dxe6 13. Bh6 Re8 14. Rac1 Qe7
15. Qxe7 Rxe7 16. Bxg7 Kxg7 17. Ne5 Bxg2 18. Kxg2 f6 19. Nd3 Na6 20. Rc4 e5 21.
Rfc1 e4 22. Nf4 Rd8 23. a3 Kf7 24. g4 Rd2 25. b4 e3 26. R1c2 Rxc2 27. Rxc2 exf2
28. Kxf2 Nc7 29. Rc6 Rd7 30. e4 g5 31. Nh5 Ne6 32. Ke3 Rd1 33. Ng3 Ra1 34. Rc3
Ra2 35. Rd3 Ke8 36. h3 Nf4 37. Rc3 Kd7 38. Kd4 Rh2 39. e5 Rxh3 40. Ke4 fxe5 41.
Kxe5 h5 42. gxh5 Nxh5 43. Ne4 Rxc3 44. Nxc3 g4 45. Kf5 g3 46. Kg4 g2 47. Ne2
Nf6+ 48. Kf3 Nd5 49. Kxg2 Ne3+ 50. Kf3 Nc2 51. Ke4 Nxa3 52. Kd5 Nb5 53. Nf4
Nc7+ 54. Kc4 Kc6 55. Ng6 b5+ 56. Kd4 Kd6 57. Nf4 a6 58. Ke4 Ne6 59. Nd3 Nd8 60.
Kd4 Nc6+ 61. Ke4 Kc7 62. Kd5 Kb6 63. Kd6 a5 64. bxa5+ Nxa5 65. Nb4 Nc4+ 66. Kd5
Ka5 67. Nc6+ Ka4 68. Nd4 Nb2 69. Nxb5 Kxb5 70. Ke4 1/2-1/2

[Event "Whitsun Grandmasters GM 2014"]
[Site "Copenhagen"]
[Date "2014.06.06"]
[Round "7"]
[White "Aabling Thomsen, Jakob"]
[Black "Bekker Jensen, Simon"]
[Result "0-1"]
[WhiteElo "2341"]
[BlackElo "2435"]
[PlyCount "164"]
[EventDate "2014.??.??"]

1. e4 e5 2. Nf3 Nc6 3. Bc4 Bc5 4. b4 Bxb4 5. c3 Ba5 6. d4 exd4 7. O-O Nge7 8.
cxd4 d5 9. exd5 Nxd5 10. Ba3 Be6 11. Qb3 Bb4 12. Bxb4 Ncxb4 13. a3 Nc6 14. Qxb7
Na5 15. Qb5+ c6 16. Qc5 Qb6 17. Nbd2 Qxc5 18. dxc5 O-O-O 19. Ba6+ Kc7 20. Ng5
Nf4 21. Nxe6+ Nxe6 22. Ra2 Nxc5 23. Be2 Rhe8 24. Bf3 Nab3 25. Nc4 Nd4 26. Bd1
Ne4 27. Rb2 Nc3 28. Bg4 f5 29. Bh3 Nce2+ 30. Kh1 Nf4 31. Ne3 Nd3 32. Rd2 Nxf2+
33. Rdxf2 Rxe3 34. Bxf5 Nxf5 35. Rxf5 Rxa3 36. h3 Rd7 37. Re1 Rad3 38. Re8 R3d5
39. Rf2 a5 40. Rg8 Kb6 41. Rb8+ Rb7 42. Ra8 Rd4 43. Rc2 Rd5 44. Kh2 Rc7 45. Re2
Rd4 46. Re5 Ra7 47. Rb8+ Kc7 48. Rg8 Rd7 49. Re3 a4 50. Ra3 Kb6 51. Ra1 a3 52.
Rb1+ Kc5 53. Rc1+ Kd4 54. Rf8 a2 55. Rff1 Ke5 56. Rce1+ Kd6 57. Ra1 Ra3 58. Rf2
Rda7 59. Rd2+ Kc7 60. Rc2 R7a5 61. Rf2 Ra7 62. Rc2 R3a5 63. Kg3 c5 64. Kf4 Kc6
65. Ke4 Re7+ 66. Kd3 Ra3+ 67. Kd2 Rg3 68. Kc1 Re1+ 69. Kb2 Rxa1 70. Kxa1 Ra3
71. Rf2 Ra7 72. Rc2 Kd5 73. Rd2+ Ke4 74. Rd8 c4 75. Rc8 Kd3 76. Rd8+ Kc2 77. h4
c3 78. h5 Ra4 79. Rd7 Rc4 80. Rxg7 Kb3 81. Rb7+ Ka4 82. Ra7+ Kb5 0-1

[Event "Whitsun Grandmasters GM 2014"]
[Site "Copenhagen"]
[Date "2014.06.06"]
[Round "7"]
[White "Hector, Jonny"]
[Black "Korley, Kassa"]
[Result "0-1"]
[WhiteElo "2505"]
[BlackElo "2412"]
[PlyCount "120"]
[EventDate "2014.??.??"]

1. e4 c5 2. Nf3 d6 3. d4 cxd4 4. Nxd4 Nf6 5. Nc3 Nc6 6. f4 e5 7. Nf3 Be7 8. f5
g6 9. fxg6 hxg6 10. Bc4 Be6 11. Bxe6 fxe6 12. Bg5 Ng4 13. Bxe7 Qb6 14. Qd2 Kxe7
15. Qg5+ Kd7 16. Qxg4 Qxb2 17. Kd2 Nb4 18. Rhc1 Rac8 19. Nd1 Rxc2+ 20. Rxc2
Qxc2+ 21. Ke1 Rf8 22. Qxg6 Rf4 23. Qg7+ Kc6 24. Qg8 Kd7 25. Qh7+ Kc6 26. Qh5
Kd7 27. Qh7+ Kc6 28. Qh3 Qxe4+ 29. Kf1 Nc2 30. Kg1 Nxa1 31. Qxe6 Qd5 32. Qc8+
Kb6 33. Ne3 Qc5 34. Qxc5+ Kxc5 35. Ng5 Kd4 36. Nd1 Kd3 37. g3 Rf5 38. h4 d5 39.
g4 Rf4 40. Nf2+ Ke2 41. Ngh3 Rf8 42. g5 Nc2 43. g6 Nd4 44. h5 Nf5 45. Ng4 e4
46. h6 d4 47. Nf4+ Kf3 48. Ne6 Kxg4 49. Nxf8 Nxh6 50. Ne6 d3 51. Kf2 Kf5 52.
Nc5 b6 53. Nb3 Kxg6 54. Ke3 Kf5 55. Nd4+ Ke5 56. Nc6+ Kd5 57. Nxa7 Ng4+ 58. Kd2
Kc4 59. Nc6 e3+ 60. Kc1 Kc3 0-1

[Event "Whitsun Grandmasters GM 2014"]
[Site "Copenhagen"]
[Date "2014.06.07"]
[Round "8"]
[White "Rusev, Krasimir"]
[Black "Smith, Axel"]
[Result "1/2-1/2"]
[WhiteElo "2540"]
[BlackElo "2481"]
[PlyCount "66"]
[EventDate "2014.??.??"]

1. d4 Nf6 2. c4 g6 3. Nc3 d5 4. cxd5 Nxd5 5. e4 Nxc3 6. bxc3 Bg7 7. Be3 c5 8.
Rc1 Qa5 9. Qd2 cxd4 10. cxd4 Qxd2+ 11. Bxd2 O-O 12. Nf3 e6 13. Bc4 Nc6 14. d5
exd5 15. Bxd5 Be6 16. O-O Rad8 17. Bxc6 bxc6 18. Rxc6 Bxa2 19. Rfc1 Rfe8 20.
Ra6 Bb3 21. Rxa7 Rxe4 22. h3 Ree8 23. Bg5 Rd1+ 24. Rxd1 Bxd1 25. Rd7 Bxf3 26.
gxf3 Be5 27. Be3 Kg7 28. Bd4 Bxd4 29. Rxd4 h5 30. Kg2 Kh8 31. Rd7 Kg7 32. Rd4
Kh8 33. Rd7 Kg7 1/2-1/2

[Event "Whitsun Grandmasters GM 2014"]
[Site "Copenhagen"]
[Date "2014.06.07"]
[Round "8"]
[White "Bekker Jensen, Simon"]
[Black "Brynell, Stellan"]
[Result "0-1"]
[WhiteElo "2435"]
[BlackElo "2463"]
[PlyCount "112"]
[EventDate "2014.??.??"]

1. d4 e6 2. c4 Nf6 3. Nc3 Bb4 4. Nf3 b6 5. g3 Bb7 6. Bg2 O-O 7. O-O Bxc3 8.
bxc3 Nc6 9. Nd2 d6 10. Nb3 h6 11. a4 Qd7 12. d5 Nd8 13. a5 Rb8 14. e4 Qe7 15.
Nd4 Bc8 16. f4 exd5 17. exd5 Re8 18. Bd2 bxa5 19. Rxa5 a6 20. c5 dxc5 21. Nb3
Rb5 22. Re1 Qf8 23. c4 Rxe1+ 24. Bxe1 Bg4 25. Qd3 Rxa5 26. Bxa5 Qe7 27. Kf2 Nb7
28. Bc3 Qd7 29. Qe3 Qa4 30. Nd2 Nd6 31. h3 Qc2 32. Bxf6 gxf6 33. hxg4 Nxc4 34.
Qxc5 Qxd2+ 35. Kf3 Qd3+ 36. Kf2 Qd2+ 37. Kf3 Nd6 38. Qxc7 Qxd5+ 39. Kf2 Qd4+
40. Kf1 Qd1+ 41. Kf2 Qd4+ 42. Kf1 Kg7 43. Bf3 Nc4 44. Kg2 Nd2 45. Bc6 Ne4 46.
Bxe4 Qxe4+ 47. Kf2 Qd4+ 48. Ke2 Qd5 49. Qc3 a5 50. Qa3 Qe4+ 51. Kd2 Qd4+ 52.
Kc2 a4 53. Qf3 Qb4 54. Qc3 Qxc3+ 55. Kxc3 Kg6 56. Kb4 f5 0-1

[Event "Whitsun Grandmasters GM 2014"]
[Site "Copenhagen"]
[Date "2014.06.07"]
[Round "8"]
[White "Ziska, Helgi Dam"]
[Black "Aabling Thomsen, Jakob"]
[Result "1-0"]
[WhiteElo "2499"]
[BlackElo "2341"]
[PlyCount "117"]
[EventDate "2014.??.??"]

1. e4 c5 2. Nf3 g6 3. d4 cxd4 4. Qxd4 Nf6 5. Nc3 Nc6 6. Qa4 d6 7. e5 Nd7 8.
exd6 Bg7 9. Qa3 O-O 10. dxe7 Re8 11. Bg5 Nf6 12. Be2 Rxe7 13. Rd1 Qe8 14. O-O
Be6 15. Bb5 Rd7 16. Qa4 h6 17. Bc1 Rxd1 18. Rxd1 a6 19. Bxc6 bxc6 20. Re1 Qc8
21. Ne5 Nd5 22. Nxd5 cxd5 23. c3 Rb8 24. Nc6 Qe8 25. Qf4 Rc8 26. Nd4 Rc4 27.
Qd6 Bf8 28. Qxa6 Ra4 29. Qe2 Rxa2 30. Nxe6 Qxe6 31. Qxe6 fxe6 32. Rxe6 d4 33.
cxd4 Bb4 34. Rxg6+ Kf7 35. Rxh6 Bd2 36. Rh5 Ra1 37. g4 Bxc1 38. Kg2 Bxb2 39. d5
Rd1 40. h4 Rd2 41. Kg3 Ba3 42. Rf5+ Kg7 43. g5 Rd1 44. h5 Rh1 45. g6 Bd6+ 46.
Kg2 Rh2+ 47. Kg1 Rh4 48. Rf7+ Kg8 49. Rh7 Rd4 50. Kf1 Rxd5 51. Rd7 Rd4 52. h6
Bc5 53. Rg7+ Kh8 54. Rc7 Bb6 55. Rf7 Rd8 56. f4 Be3 57. Ke2 Bc1 58. Kf3 Rg8 59.
Rh7# 1-0

[Event "Whitsun Grandmasters GM 2014"]
[Site "Copenhagen"]
[Date "2014.06.07"]
[Round "8"]
[White "Hector, Jonny"]
[Black "Ris, Robert"]
[Result "1/2-1/2"]
[WhiteElo "2505"]
[BlackElo "2407"]
[PlyCount "56"]
[EventDate "2014.??.??"]

1. d4 c5 2. e4 cxd4 3. Nf3 Nc6 4. Nxd4 g6 5. Nc3 Bg7 6. Be3 Nf6 7. Bc4 O-O 8.
Bb3 d5 9. Bxd5 Ng4 10. Nxc6 bxc6 11. Bb3 Nxe3 12. fxe3 Qb6 13. Kf2 a5 14. Na4
Qb5 15. Rf1 Qg5 16. Qf3 Be5 17. Kg1 Bg4 18. Qf2 Rad8 19. Rae1 Bc7 20. Bc4 Rd7
21. g3 h5 22. Kg2 Kg7 23. b3 h4 24. gxh4 Qe5 25. Qf4 Qh5 26. Qf2 Qe5 27. Qf4
Qh5 28. Qf2 Qe5 1/2-1/2

[Event "Whitsun Grandmasters GM 2014"]
[Site "Copenhagen"]
[Date "2014.06.07"]
[Round "8"]
[White "Korley, Kassa"]
[Black "Bromann, Thorbjorn"]
[Result "1-0"]
[WhiteElo "2412"]
[BlackElo "2413"]
[PlyCount "53"]
[EventDate "2014.??.??"]

1. Nf3 b6 2. g3 Bb7 3. Bg2 e5 4. O-O e4 5. Nd4 c5 6. Nf5 d5 7. c4 d4 8. Qc2 Nf6
9. d3 g6 10. Nh6 Qe7 11. Bg5 Nbd7 12. Ng4 O-O-O 13. Nd2 exd3 14. exd3 Bxg2 15.
Kxg2 Qe6 16. Nxf6 Nxf6 17. Qa4 Kb7 18. Rae1 Qf5 19. Ne4 Nxe4 20. Bxd8 Nd2 21.
Bxb6 axb6 22. Re8 Qf3+ 23. Kg1 Kc7 24. Rfe1 Qf5 25. Qa7+ Kc6 26. Qa8+ Kc7 27.
Qb8+ 1-0

[Event "Whitsun Grandmasters GM 2014"]
[Site "Copenhagen"]
[Date "2014.06.07"]
[Round "9"]
[White "Brynell, Stellan"]
[Black "Ziska, Helgi Dam"]
[Result "1/2-1/2"]
[WhiteElo "2463"]
[BlackElo "2499"]
[PlyCount "66"]
[EventDate "2014.??.??"]

1. d4 Nf6 2. c4 g6 3. g3 Bg7 4. Bg2 O-O 5. Nc3 d6 6. Nf3 Nc6 7. O-O Bg4 8. h3
Bxf3 9. Bxf3 Nd7 10. Be3 e5 11. Bxc6 bxc6 12. Qd2 exd4 13. Bxd4 Ne5 14. b3 c5
15. Be3 Qd7 16. Kh2 Nc6 17. Bh6 Bxh6 18. Qxh6 Rae8 19. Rad1 f5 20. Qd2 Re6 21.
e3 Ne7 22. Nd5 Nxd5 23. Qxd5 Qc8 24. a3 c6 25. Qd2 Qa6 26. Qc3 Qb6 27. b4 cxb4
28. axb4 Rb8 29. Rb1 Qc7 30. Rfd1 Re4 31. Qf6 Rf8 32. Qxd6 Qxd6 33. Rxd6 Rxc4
1/2-1/2

[Event "Whitsun Grandmasters GM 2014"]
[Site "Copenhagen"]
[Date "2014.06.07"]
[Round "9"]
[White "Bromann, Thorbjorn"]
[Black "Bekker Jensen, Simon"]
[Result "1/2-1/2"]
[WhiteElo "2413"]
[BlackElo "2435"]
[PlyCount "89"]
[EventDate "2014.??.??"]

1. b3 Nf6 2. Bb2 g6 3. Bxf6 exf6 4. c4 f5 5. Nc3 b6 6. d4 Bg7 7. Rc1 O-O 8. g3
Bb7 9. d5 c5 10. e3 d6 11. Nge2 Nd7 12. Bg2 h5 13. h4 Ne5 14. Nf4 Bc8 15. O-O
a6 16. a4 Bd7 17. Re1 b5 18. cxb5 axb5 19. Nxb5 Bxb5 20. axb5 Qa5 21. Nd3 Ng4
22. Bf1 Rfb8 23. e4 fxe4 24. Rxe4 Rxb5 25. Ra4 Qd8 26. Ne5 Rxa4 27. bxa4 Rb4
28. Nxg4 Rxg4 29. Rc4 Bd4 30. Kg2 Qa8 31. f3 Qxd5 32. Be2 Qf5 33. Qd3 d5 34.
Rc2 Re4 35. fxe4 dxe4 36. Qb3 Qf2+ 37. Kh3 Qf5+ 38. Kg2 Qf2+ 39. Kh3 Qf5+ 40.
g4 hxg4+ 41. Bxg4 Qf1+ 42. Rg2 Qh1+ 43. Rh2 Qf1+ 44. Rg2 Qh1+ 45. Rh2 1/2-1/2

[Event "Whitsun Grandmasters GM 2014"]
[Site "Copenhagen"]
[Date "2014.06.07"]
[Round "9"]
[White "Smith, Axel"]
[Black "Hector, Jonny"]
[Result "1/2-1/2"]
[WhiteElo "2481"]
[BlackElo "2505"]
[PlyCount "138"]
[EventDate "2014.??.??"]

1. d4 d5 2. c4 c6 3. Nf3 Nf6 4. Nc3 dxc4 5. a4 Bf5 6. Ne5 Nbd7 7. Nxc4 Qc7 8.
g3 e5 9. dxe5 Nxe5 10. Bf4 Nfd7 11. Bg2 f6 12. O-O g5 13. Nxe5 gxf4 14. Nxd7
Qxd7 15. Qc1 Bd6 16. a5 a6 17. Ra4 O-O 18. Ne4 fxg3 19. hxg3 Be5 20. Nc5 Qe7
21. Be4 Bc8 22. Rc4 f5 23. Bg2 Qg7 24. Nd3 Bc7 25. b4 Be6 26. Rh4 Rad8 27. Nc5
Bc8 28. e3 Rd6 29. Rd1 Rxd1+ 30. Qxd1 Be5 31. Rc4 Qe7 32. Rc2 Rd8 33. Rd2 Rxd2
34. Qxd2 Kg7 35. Bh3 Qf6 36. Qd3 Bd6 37. Qc4 Qa1+ 38. Kh2 Qe5 39. e4 Bxc5 40.
bxc5 Be6 41. Qb4 Kf6 42. exf5 Bxf5 43. Bg2 Bc8 44. Qh4+ Kg7 45. Qd8 Bg4 46. Qb6
Qe7 47. Qb2+ Kg8 48. Qd4 Be6 49. f4 Qf7 50. Qd8+ Kg7 51. Qg5+ Kf8 52. g4 Qd7
53. f5 Bf7 54. Qf4 Qe7 55. Qd4 Qh4+ 56. Bh3 Bd5 57. Qe3 h6 58. Qg3 Qe7 59. Qc3
Kg8 60. Kg3 Qc7+ 61. Kh4 Qf4 62. Qf6 Bf7 63. Qb2 Kh7 64. Qc2 Qe5 65. Qd3 Qxc5
66. f6+ Kg8 67. Qd8+ Kh7 68. Qd3+ Kh8 69. Qd8+ Kh7 1/2-1/2

[Event "Whitsun Grandmasters GM 2014"]
[Site "Copenhagen"]
[Date "2014.06.07"]
[Round "9"]
[White "Ris, Robert"]
[Black "Korley, Kassa"]
[Result "0-1"]
[WhiteElo "2407"]
[BlackElo "2412"]
[PlyCount "98"]
[EventDate "2014.??.??"]

1. d4 Nf6 2. c4 g6 3. g3 Bg7 4. Bg2 O-O 5. Nc3 d6 6. Nf3 Nbd7 7. O-O e5 8. e4
exd4 9. Nxd4 Re8 10. h3 Nc5 11. Re1 a5 12. Rb1 Nfd7 13. Be3 Ne5 14. b3 c6 15.
Bf1 Ne6 16. Nxe6 Bxe6 17. Rc1 Qe7 18. Bg2 Nd7 19. Qd2 Nc5 20. Nd5 Qd8 21. Nf4
Bc8 22. f3 Qe7 23. Rcd1 a4 24. b4 Nd7 25. Qc2 a3 26. Ne2 f5 27. Bf2 fxe4 28.
Nc3 Nf6 29. g4 Qf7 30. b5 Qxc4 31. bxc6 Qxc6 32. fxe4 Re5 33. Qb3+ Be6 34. Nd5
Bxd5 35. exd5 Rxe1+ 36. Rxe1 Qc7 37. Bg3 Nd7 38. Kh2 Nc5 39. Qc4 Qd7 40. Re3 b5
41. Qe2 b4 42. Re7 Qd8 43. Bf2 Bf6 44. Re6 Nxe6 45. dxe6 Be5+ 46. Bg3 Rc8 47.
Bd5 Qf6 48. Qd2 Bxg3+ 49. Kxg3 Qc3+ 0-1